000 00727nam a2200229Ia 4500
001 16688
003 GE_BSU
008 181216s||||||||xx |||||||||||||| ||und||
040 _cGE_BSU
080 _a82-93:821.511.113-3
100 _aკახასი, ლ.
245 _aმეგობრები
245 _bმოთხრობა
245 _cთარგმანი ნინო სამუკაშვილისა. რედ.ნ.აგიაშვილი.
260 _aთბილისი
260 _bსაბლიტგამი
260 _c1954
300 _a207გვ. : ილ. ; 20სმ.
653 _aმეგობრები
653 _aმოთხრობა
942 _cBK
999 _c49753
_d49753